[Event "Obro Int A"]
[Site "Copenhagen"]
[Date "1990.??.??"]
[Round "1"]
[White "Schandorff, Lars"]
[Black "Kristiansen, Jens"]
[Result "0-1"]
[WhiteElo "2445"]
[BlackElo "2445"]

1. d4 f5 2. g3 Nf6 3. Bg2 e6 4. Nf3 Be7 5. O-O O-O 6. c4 d5 7. b3 c6
8. Ba3 Nbd7 9. Qc1 Ne4 10. e3 Kh8 11. Bxe7 Qxe7 12. Qa3 Qf6 13. Ne5 c5
14. f3 Nxe5 15. fxe4 Ng4 16. Qxc5 Bd7 17. Qd6 Qh6 18. h3 Qxe3+ 19. Kh1
Nf2+ 20. Kh2 Nxe4 21. Qxd7 Qxg3+ 22. Kg1 Rf6 0-1

[Event "Obro Int A"]
[Site "Copenhagen"]
[Date "1990.??.??"]
[Round "1"]
[White "Sorensen, Jan"]
[Black "Hansen, Mads Smith"]
[Result "1/2-1/2"]
[WhiteElo "2395"]
[BlackElo "2355"]

1. e4 c6 2. d4 d5 3. exd5 cxd5 4. Bd3 Nc6 5. c3 Nf6 6. Bf4 Bg4 7. Qb3
Qd7 8. Nd2 e6 9. Ngf3 Bxf3 10. Nxf3 Bd6 11. Bxd6 1/2-1/2

[Event "Obro Int A"]
[Site "Copenhagen"]
[Date "1990.??.??"]
[Round "2"]
[White "Hansen, Mads Smith"]
[Black "Schandorff, Lars"]
[Result "1-0"]
[WhiteElo "2355"]
[BlackElo "2445"]

1. d4 d5 2. Nf3 Nf6 3. e3 c5 4. dxc5 e6 5. c4 Bxc5 6. Nc3 O-O 7. cxd5
exd5 8. Be2 Nc6 9. O-O a6 10. b3 Be6 11. Bb2 Ba7 12. Rc1 Rc8 13. Qd2
Qe7 14. Rfd1 Rfd8 15. Qe1 h6 16. Rd2 Bb8 17. Na4 Ne4 18. Rdc2 Nb4 19.
Rxc8 Rxc8 20. Rxc8+ Bxc8 21. Nc3 Be6 22. Nxe4 dxe4 23. Qc3 f6 24. Nd4
Bd7 25. a3 Nd5 26. Qa5 Qd6 27. g3 Bc7 28. Qd2 Kh7 29. Qc2 f5 30. Qd2
Nf6 31. Qc3 h5 32. h4 Nd5 33. Qc2 Nxe3 34. Qc1 Ng4 35. Qg5 Qg6 36. Qe7
Nxf2 37. Qxd7 Qxg3+ 38. Kf1 Nh3 39. Qxf5+ Kh6 40. Qe6+ g6 41. Nf5+ 1-0

[Event "Obro Int A"]
[Site "Copenhagen"]
[Date "1990.??.??"]
[Round "2"]
[White "Hutters, Tomas"]
[Black "Kristiansen, Jens"]
[Result "1-0"]
[WhiteElo "2355"]
[BlackElo "2445"]

1. d4 f5 2. g3 Nf6 3. Bg2 g6 4. Nh3 Bg7 5. c4 O-O 6. Nc3 d6 7. d5 Nbd7
8. O-O Nc5 9. Qc2 e5 10. dxe6 Bxe6 11. b3 c6 12. Ng5 Bd7 13. Bb2 Qe7
14. Rad1 Rad8 15. b4 Ne6 16. Nxe6 Bxe6 17. b5 Bxc4 18. bxc6 bxc6 19.
Bxc6 Qe6 20. Nd5 Qxe2 21. Nxf6+ Rxf6 22. Bd5+ Kh8 23. Qc1 Bxd5 24. Bxf6
Bxf6 25. Rxd5 Qxa2 26. Qc6 Qa3 27. Re1 f4 28. Re8+ Rxe8 29. Qxe8+ Kg7
30. Qd7+ Kh6 31. Qxd6 Qxd6 32. Rxd6 Be5 33. Rd5 Bc7 34. Rd7 Bb6 35.
gxf4 a5 36. f5 Kg5 37. f6 1-0

[Event "Obro Int A"]
[Site "Copenhagen"]
[Date "1990.??.??"]
[Round "2"]
[White "Jasnikowski, Zbigniew"]
[Black "Tischbierek, Raj"]
[Result "1/2-1/2"]
[WhiteElo "2435"]
[BlackElo "2495"]

1. d4 d5 2. c4 c6 3. Nf3 Nf6 4. Nc3 dxc4 5. a4 Bf5 6. e3 e6 7. Bxc4 Bb4
8. O-O Nbd7 9. Nh4 Bg6 10. Nxg6 hxg6 11. h3 Qc7 12. Be2 a5 13. Bf3 Rd8
14. Bd2 O-O 15. Qc2 Qb6 16. Rad1 Be7 17. Bc1 Nd5 18. Na2 Nb4 19. Nxb4
Qxb4 20. b3 Qb6 21. e4 c5 22. d5 Ne5 23. Be2 exd5 24. exd5 Nd7 25. Bc4
Bf6 26. Be3 Qd6 27. Qd2 b6 28. Rfe1 Rfe8 29. Bf4 Be5 30. Bg5 Bf6 31.
Rxe8+ Rxe8 32. Bf4 Be5 33. Re1 Re7 34. Bg5 Nf6 35. Kf1 Kf8 36. Qd3 Bf4
37. Rxe7 1/2-1/2

[Event "Obro Int A"]
[Site "Copenhagen"]
[Date "1990.??.??"]
[Round "2"]
[White "Welling, Gerard"]
[Black "Sorensen, Jan"]
[Result "1-0"]
[WhiteElo "2370"]
[BlackElo "2395"]

1. e3 Nf6 2. d4 c5 3. Nf3 g6 4. c4 Bg7 5. Nc3 O-O 6. Be2 cxd4 7. exd4
d5 8. O-O Nc6 9. h3 b6 10. Ne5 Bb7 11. Bf3 Na5 12. b3 Rc8 13. Ba3 dxc4
14. Bxb7 Nxb7 15. bxc4 Nd7 16. Nd5 Re8 17. Qa4 Nxe5 18. dxe5 Nc5 19.
Bxc5 Rxc5 20. Qxa7 Bxe5 21. Rad1 Bd6 22. Qa4 Qa8 23. Qb3 Qc6 24. Rfe1
Rd8 25. Rxe7 Rxc4 26. Rc7 Bxc7 27. Ne7+ Kg7 28. Nxc6 Rxd1+ 29. Qxd1 Bf4
1-0

[Event "Obro Int A"]
[Site "Copenhagen"]
[Date "1990.??.??"]
[Round "3"]
[White "Kristiansen, Jens"]
[Black "Hansen, Mads Smith"]
[Result "1-0"]
[WhiteElo "2445"]
[BlackElo "2355"]

1. c4 e5 2. Nc3 Nc6 3. g3 g6 4. Bg2 Bg7 5. Rb1 a5 6. a3 f5 7. b4 axb4
8. axb4 Nf6 9. d3 h6 10. b5 Ne7 11. Qb3 O-O 12. Nf3 d6 13. c5+ Kh7 14.
cxd6 Qxd6 15. Nd2 Rd8 16. O-O Nfd5 17. Nc4 Qe6 18. Nxd5 Nxd5 19. Bb2
Nb6 20. Rfc1 Na4 21. Ba1 Qe7 22. Qb4 Qxb4 23. Rxb4 Re8 24. f4 exf4 25.
Bxg7 Kxg7 26. gxf4 Rxe2 27. Ne5 Nb6 28. Rxc7+ Kf6 29. Rd4 Ke6 30. Nxg6
Ra1+ 31. Bf1 Nd7 32. Rxc8 Kf7 33. Rxd7+ Kxg6 34. Rg8+ 1-0

[Event "Obro Int A"]
[Site "Copenhagen"]
[Date "1990.??.??"]
[Round "3"]
[White "Schandorff, Lars"]
[Black "Welling, Gerard"]
[Result "1/2-1/2"]
[WhiteElo "2445"]
[BlackElo "2370"]

1. d4 d5 2. Nf3 e6 3. c4 c5 4. cxd5 exd5 5. g3 Nc6 6. Bg2 Nf6 7. O-O
Be7 8. Nc3 Be6 9. Bg5 Ne4 10. Bxe7 Qxe7 11. Rc1 Nxc3 12. Rxc3 c4 13.
Qa4 O-O 14. b3 Rfd8 15. bxc4 dxc4 16. e3 a6 17. Qd1 Rac8 18. Qb1 b5
19. a3 Bd5 20. Nh4 Bxg2 21. Nxg2 Qf6 22. Qe4 Qe6 23. Qf3 Ne7 24. Nf4
Qf6 25. Qe4 Rc7 26. h4 Qf5 27. Qf3 Qd7 28. Rfc1 Nc8 29. d5 Nd6 30. e4
Re8 31. Re3 Re5 32. Rce1 Qe8 33. Nh5 Qe7 34. Nf4 Qe8 35. Nh5 Qe7 36.
Nf4 1/2-1/2

[Event "Obro Int A"]
[Site "Copenhagen"]
[Date "1990.??.??"]
[Round "3"]
[White "Sorensen, Jan"]
[Black "Jasnikowski, Zbigniew"]
[Result "1-0"]
[WhiteElo "2395"]
[BlackElo "2435"]

1. e4 c5 2. Nf3 e6 3. d4 cxd4 4. Nxd4 a6 5. Nc3 d6 6. Be2 Nf6 7. O-O
Be7 8. f4 Qc7 9. Kh1 O-O 10. Qe1 Nc6 11. Be3 Bd7 12. Qg3 b5 13. e5 Ne8
14. Ne4 f6 15. exf6 Nxf6 16. Ng5 Nxd4 17. Bxd4 h6 18. Bd3 d5 19. Nh7
Nh5 20. Qg4 Rxf4 21. Qxh5 Be8 22. Qe5 Qxe5 23. Bxe5 Rxf1+ 24. Rxf1 b4
25. Rf3 Bb5 26. Rg3 g5 27. Bg6 Rc8 28. Rf3 1-0

[Event "Obro Int A"]
[Site "Copenhagen"]
[Date "1990.??.??"]
[Round "3"]
[White "Tischbierek, Raj"]
[Black "Bus, Mariusz"]
[Result "1/2-1/2"]
[WhiteElo "2495"]
[BlackElo "2380"]

1. e4 e6 2. d4 d5 3. Nc3 Bb4 4. e5 c5 5. a3 Bxc3+ 6. bxc3 Ne7 7. Nf3
Bd7 8. a4 Qa5 9. Bd2 Nbc6 10. Bb5 c4 11. O-O h6 12. Bc1 O-O-O 13. Qd2
f5 14. Ba3 g5 15. Bxc6 Nxc6 16. Bb4 Nxb4 17. cxb4 Qc7 18. h4 Rdg8 19.
hxg5 Qd8 20. gxh6 Rg4 21. g3 Qg8 22. Kg2 f4 23. Nh2 Rh4 24. Rh1 R8xh6
25. Nf3 Rxh1 26. Rxh1 Rxh1 27. Kxh1 fxg3 28. b5 Be8 29. Kg2 gxf2+ 30.
Kxf2 Qh7 31. c3 Bh5 1/2-1/2

[Event "Obro Int A"]
[Site "Copenhagen"]
[Date "1990.??.??"]
[Round "4"]
[White "Bus, Mariusz"]
[Black "Sorensen, Jan"]
[Result "1/2-1/2"]
[WhiteElo "2380"]
[BlackElo "2395"]

1. e4 e6 2. d4 d5 3. Nc3 Bb4 4. e5 c5 5. a3 Bxc3+ 6. bxc3 Ne7 7. Qg4
Qc7 8. Qxg7 Rg8 9. Qxh7 cxd4 10. Ne2 dxc3 11. f4 b6 12. Nd4 Ba6 13.
Bb5+ Bxb5 14. Nxb5 Qc5 15. Nd6+ Kd7 16. g3 Nbc6 17. Qd3 Qd4 18. Ke2 f6
19. Qxd4 Nxd4+ 20. Kd3 fxe5 21. Nf7 Nf3 22. Nxe5+ Nxe5+ 23. fxe5 Ng6
24. Bf4 1/2-1/2

[Event "Obro Int A"]
[Site "Copenhagen"]
[Date "1990.??.??"]
[Round "4"]
[White "Hutters, Tomas"]
[Black "Hansen, Mads Smith"]
[Result "1/2-1/2"]
[WhiteElo "2355"]
[BlackElo "2355"]

1. d4 Nf6 2. c4 d6 3. Nc3 Nbd7 4. e4 e5 5. Nf3 Be7 6. Be2 c6 7. O-O a6
8. Rb1 O-O 9. Qc2 b5 10. b4 Qc7 11. Bg5 h6 12. Bh4 Re8 13. Rfc1 Bb7
14. dxe5 dxe5 15. Qb3 Rac8 16. a4 1/2-1/2

[Event "Obro Int A"]
[Site "Copenhagen"]
[Date "1990.??.??"]
[Round "4"]
[White "Jasnikowski, Zbigniew"]
[Black "Schandorff, Lars"]
[Result "1/2-1/2"]
[WhiteElo "2435"]
[BlackElo "2445"]

1. d4 Nf6 2. c4 e6 3. Nf3 d5 4. Nc3 Be7 5. Bg5 h6 6. Bh4 O-O 7. e3 b6
8. Qb3 Bb7 9. Bxf6 Bxf6 10. cxd5 exd5 11. Bd3 c5 12. dxc5 Nd7 13. c6
Bxc6 14. O-O Nc5 15. Qc2 Qe7 16. Nd4 1/2-1/2

[Event "Obro Int A"]
[Site "Copenhagen"]
[Date "1990.??.??"]
[Round "4"]
[White "Welling, Gerard"]
[Black "Kristiansen, Jens"]
[Result "1/2-1/2"]
[WhiteElo "2370"]
[BlackElo "2445"]

1. d4 g6 2. Nf3 Bg7 3. g3 d6 4. Bg2 Nf6 5. O-O O-O 6. c4 Nbd7 7. Nc3 e5
8. dxe5 dxe5 9. Qc2 c6 10. Rd1 Qe7 11. h3 Nc5 12. Be3 Bf5 13. Qc1 a5
14. b3 Nfe4 15. Nxe4 Bxe4 16. Qa3 b6 17. Rd2 Bxf3 18. exf3 Rfd8 19.
Rad1 Rxd2 20. Rxd2 Bf8 21. Qc1 1/2-1/2

[Event "Obro Int A"]
[Site "Copenhagen"]
[Date "1990.??.??"]
[Round "5"]
[White "Hansen, Mads Smith"]
[Black "Welling, Gerard"]
[Result "1/2-1/2"]
[WhiteElo "2355"]
[BlackElo "2370"]

1. d4 Nf6 2. Bg5 e6 3. e4 h6 4. Bxf6 Qxf6 5. Nf3 d6 6. Nc3 a6 7. e5 Qe7
8. Bd3 g6 9. O-O Bg7 10. Re1 O-O 11. Qd2 Nd7 12. Qf4 b5 13. h4 Bb7 14.
Ne4 Bxe4 15. Bxe4 d5 16. Bd3 c5 17. c3 b4 18. h5 g5 19. Qd2 bxc3 20.
bxc3 c4 21. Bc2 Rfb8 22. Nh2 Rb6 23. Ng4 Rab8 24. Re3 Rb2 25. Rg3 f5
26. exf6 Nxf6 27. Nxf6+ Qxf6 28. Rf3 Qe7 29. Re1 Kh8 30. Rfe3 R8b6 31.
a4 a5 32. Qc1 Qf7 33. R1e2 Qxh5 34. Rxe6 Rxe6 35. Rxe6 Rb8 36. Qe3 Qf7
37. Bg6 Qd7 38. Re8+ Rxe8 39. Qxe8+ Qxe8 40. Bxe8 Bf8 41. Bf7 Ba3 42.
Bxd5 Bb2 43. Bxc4 Bxc3 44. d5 Bb4 45. g3 Kg7 46. Kg2 1/2-1/2

[Event "Obro Int A"]
[Site "Copenhagen"]
[Date "1990.??.??"]
[Round "5"]
[White "Kristiansen, Jens"]
[Black "Jasnikowski, Zbigniew"]
[Result "1/2-1/2"]
[WhiteElo "2445"]
[BlackElo "2435"]

1. c4 e5 2. Nc3 Nc6 3. g3 g6 4. Bg2 Bg7 5. Rb1 a5 6. d3 Nge7 7. e3 d6
8. Nge2 O-O 9. O-O f5 10. f4 Be6 11. Nd5 Rb8 12. Nec3 Nb4 13. Nxe7+
Qxe7 14. a3 Na6 15. Bd2 c6 16. Ne2 Qc7 17. Qc2 Rfc8 18. b4 axb4 19.
axb4 b5 20. fxe5 dxe5 21. c5 Qd7 22. Bc3 Nc7 23. e4 Ra8 24. Nc1 Rf8
25. Nb3 Rad8 26. Rbd1 fxe4 27. dxe4 Rxf1+ 28. Rxf1 Qd3 29. Qb2 Qe3+
30. Kh1 Rd3 31. Re1 Qh6 32. Kg1 Qh5 33. Nc1 Rd1 34. Rxd1 Qxd1+ 35. Kf2
Bc4 36. Qd2 Qxd2+ 37. Bxd2 Ne6 38. Ne2 Kf7 39. Bh3 Ke7 40. Bc3 Bf6 41.
Bxe6 Kxe6 42. Ng1 Bd3 1/2-1/2

[Event "Obro Int A"]
[Site "Copenhagen"]
[Date "1990.??.??"]
[Round "5"]
[White "Schandorff, Lars"]
[Black "Bus, Mariusz"]
[Result "1/2-1/2"]
[WhiteElo "2445"]
[BlackElo "2380"]

1. d4 d5 2. c4 dxc4 3. Nf3 Nf6 4. e3 e6 5. Bxc4 c5 6. O-O a6 7. a4 Nc6
8. Qe2 Qc7 9. Nc3 Be7 10. dxc5 Bxc5 11. e4 Ng4 12. g3 O-O 13. Kg2 b6
14. h3 Nge5 15. Bf4 Bd6 16. Nxe5 Bxe5 17. Bxe5 Nxe5 18. Ba2 Bb7 1/2-1/2

[Event "Obro Int A"]
[Site "Copenhagen"]
[Date "1990.??.??"]
[Round "6"]
[White "Bus, Mariusz"]
[Black "Kristiansen, Jens"]
[Result "0-1"]
[WhiteElo "2380"]
[BlackElo "2445"]

1. e4 c5 2. Nf3 Nc6 3. Bb5 Nf6 4. Nc3 g6 5. O-O Bg7 6. Re1 O-O 7. h3
Ne8 8. Bxc6 dxc6 9. d3 e5 10. Be3 b6 11. Qc1 Nc7 12. Bh6 f6 13. Nh2 Ne6
14. Ng4 Qc7 15. Bxg7 Qxg7 16. Qe3 Nd4 17. Rac1 Be6 18. f4 Bxg4 19. hxg4
exf4 20. Qxf4 Rae8 21. Re3 Re5 22. Ne2 Nxe2+ 23. Rxe2 Qd7 24. Rf1 Rg5
25. e5 Rxg4 26. Qe3 f5 27. e6 Qd4 28. e7 Re8 29. Qxd4 Rxd4 30. Re6 Kf7
31. Rfe1 Rd7 32. Rxc6 Rexe7 33. Rxe7+ Rxe7 34. a4 Re2 35. Rc7+ Kf6 36.
Rxh7 Rxc2 37. Rxa7 Rxb2 38. a5 Ke5 39. Rb7 b5 40. a6 b4 41. Rc7 Kd4
42. Rd7+ Kc3 43. Rd5 Ra2 44. Rxc5+ Kxd3 45. Rb5 Kc4 46. Rb6 Kc5 0-1

[Event "Obro Int A"]
[Site "Copenhagen"]
[Date "1990.??.??"]
[Round "6"]
[White "Hutters, Tomas"]
[Black "Welling, Gerard"]
[Result "1-0"]
[WhiteElo "2355"]
[BlackElo "2370"]

1. d4 d5 2. c4 e6 3. Nf3 Nf6 4. g3 dxc4 5. Bg2 c5 6. O-O Nc6 7. Ne5 Bd7
8. Na3 cxd4 9. Naxc4 Be7 10. Qb3 Qc8 11. Bd2 O-O 12. Rac1 Rd8 13. Na5
Rb8 14. Bxc6 1-0

[Event "Obro Int A"]
[Site "Copenhagen"]
[Date "1990.??.??"]
[Round "6"]
[White "Jasnikowski, Zbigniew"]
[Black "Hansen, Mads Smith"]
[Result "1-0"]
[WhiteElo "2435"]
[BlackElo "2355"]

1. d4 Nf6 2. c4 c5 3. d5 b5 4. Nf3 Bb7 5. g3 bxc4 6. Nc3 e6 7. e4 exd5
8. exd5 d6 9. Bxc4 Be7 10. Nh4 O-O 11. Nf5 Nbd7 12. O-O Ne5 13. Re1 Re8
14. Bb5 Nfd7 15. Ne4 Qc7 16. b4 Bf8 17. Bb2 Rad8 18. bxc5 dxc5 19. Nh6+
Kh8 20. Ng5 gxh6 21. Nxf7+ Kg8 22. Nxd8 Rxd8 23. Bxd7 Qxd7 24. Rxe5
Bxd5 25. Qe2 Ba8 26. Re1 Qf7 27. Qg4+ Qg6 28. Qxg6+ hxg6 29. Re8 Rxe8
30. Rxe8 Bd5 31. a4 Kf7 32. Rc8 Bd6 33. Rh8 h5 34. Rh7+ Ke6 35. Rxa7 c4
36. Bc3 Be5 37. Bxe5 Kxe5 38. Kf1 Kd4 39. Ke1 c3 40. Rd7 Kc5 41. a5 Bc6
42. Rc7 Kd6 43. Rc8 Kd7 44. Rb8 Bd5 45. a6 Kc7 46. a7 c2 47. Kd2 1-0

[Event "Obro Int A"]
[Site "Copenhagen"]
[Date "1990.??.??"]
[Round "6"]
[White "Tischbierek, Raj"]
[Black "Sorensen, Jan"]
[Result "1-0"]
[WhiteElo "2495"]
[BlackElo "2395"]

1. e4 e6 2. d4 d5 3. Nc3 Bb4 4. e5 c5 5. a3 Bxc3+ 6. bxc3 Ne7 7. h4
Nbc6 8. h5 h6 9. Qg4 Bd7 10. Qxg7 Rg8 11. Qf6 Qc7 12. Nf3 cxd4 13. Bd3
O-O-O 14. Bxh6 Nf5 15. Bxf5 exf5 16. O-O Rde8 17. Bg7 Nd8 18. h6 Ne6
19. cxd4 Nxg7 20. hxg7 Re6 21. Qxf7 Qd8 22. Rab1 1-0

[Event "Obro Int A"]
[Site "Copenhagen"]
[Date "1990.??.??"]
[Round "7"]
[White "Hansen, Mads Smith"]
[Black "Bus, Mariusz"]
[Result "1/2-1/2"]
[WhiteElo "2355"]
[BlackElo "2380"]

1. e4 e6 2. d4 d5 3. Nc3 Bb4 4. exd5 exd5 5. Bd3 Nc6 6. a3 Bxc3+ 7.
bxc3 Qf6 8. Qh5 Nge7 9. Bg5 Qe6+ 10. Ne2 Qg4 11. Qxg4 Bxg4 12. Ng3 f6
13. Bf4 O-O-O 14. f3 Be6 15. Nh5 Rhg8 16. O-O-O Bf5 17. g4 Bxd3 18.
cxd3 Ng6 19. Rde1 Kd7 20. Bg3 Nce7 21. Re2 Rdf8 22. Rhe1 Rf7 23. Kc2 c6
24. Rb1 b6 25. Rbe1 Nc8 26. h3 f5 27. Be5 f4 28. Kd2 Nxe5 29. dxe5 Ke6
30. h4 Rgf8 31. g5 Ne7 32. Rg1 Ng6 33. Rg4 c5 34. Kd1 Rd8 35. d4 cxd4
36. cxd4 Rc8 37. Rc2 Rxc2 38. Kxc2 Kf5 39. Kb3 Rc7 40. Kb2 b5 41. Kb3
a5 42. Kb2 Rb7 43. Kc3 Rf7 44. Kb3 Ke6 45. Kc3 Kd7 46. Kb3 Ke7 47. Kc3
Ke6 48. Kb3 Kf5 1/2-1/2

[Event "Obro Int A"]
[Site "Copenhagen"]
[Date "1990.??.??"]
[Round "7"]
[White "Schandorff, Lars"]
[Black "Tischbierek, Raj"]
[Result "0-1"]
[WhiteElo "2445"]
[BlackElo "2495"]

1. c4 e6 2. Nf3 d5 3. d4 Nf6 4. Nc3 Bb4 5. Qa4+ Nc6 6. a3 Bxc3+ 7. bxc3
Ne4 8. Qc2 O-O 9. e3 b6 10. Be2 Na5 11. cxd5 exd5 12. O-O Bf5 13. Qb2
c5 14. Bd2 Bg4 15. Be1 Rc8 16. h3 Bf5 17. Ne5 f6 18. Nd3 Re8 19. Nf4 g5
20. Nh5 Bg6 21. dxc5 Rxc5 22. Rd1 Qe7 23. f4 Nc4 24. Qc1 Qf7 25. g4
Bxh5 26. gxh5 Nxe3 27. Qxe3 Nxc3 0-1

[Event "Obro Int A"]
[Site "Copenhagen"]
[Date "1990.??.??"]
[Round "7"]
[White "Sorensen, Jan"]
[Black "Hutters, Tomas"]
[Result "1/2-1/2"]
[WhiteElo "2395"]
[BlackElo "2355"]

1. e4 c5 2. Nf3 d6 3. d4 cxd4 4. Nxd4 Nf6 5. Nc3 e6 6. Be2 Be7 7. O-O
Nc6 8. Be3 Bd7 9. f4 O-O 10. Qe1 Nxd4 11. Bxd4 Bc6 12. Qg3 g6 13. f5 e5
14. Be3 Nxe4 15. Nxe4 Bxe4 16. Bh6 Re8 17. Kh1 Bf8 18. Bxf8 Rxf8 19. f6
Kh8 20. Qg5 Qc8 21. Bf3 1/2-1/2

[Event "Obro Int A"]
[Site "Copenhagen"]
[Date "1990.??.??"]
[Round "7"]
[White "Welling, Gerard"]
[Black "Jasnikowski, Zbigniew"]
[Result "1/2-1/2"]
[WhiteElo "2370"]
[BlackElo "2435"]

1. e4 c5 2. a4 g6 3. Nc3 Bg7 4. f4 Nc6 5. Bb5 d6 6. Nf3 Bd7 7. O-O Nd4
8. d3 e6 9. e5 Nxf3+ 10. Qxf3 d5 11. Bxd7+ Qxd7 12. Nb5 Bf8 13. c4 d4
14. a5 a6 15. Na3 Ne7 16. Nb1 Qc6 17. Nd2 Qxf3 18. Rxf3 Nc6 19. Ne4 Be7
20. Bd2 Rb8 21. Rff1 Kd7 22. Kf2 b5 23. axb6 Rxb6 24. Ke2 Ra8 25. Bc1
h5 26. g3 a5 27. Ra4 Rb4 28. Ra2 a4 29. Bd2 Rb7 30. Rfa1 Rba7 31. Rh1
Nb4 32. Ra3 Nc2 33. Ra2 Nb4 34. Ra3 Nc2 35. Ra2 Nb4 1/2-1/2

[Event "Obro Int A"]
[Site "Copenhagen"]
[Date "1990.??.??"]
[Round "8"]
[White "Bus, Mariusz"]
[Black "Welling, Gerard"]
[Result "1-0"]
[WhiteElo "2380"]
[BlackElo "2370"]

1. e4 c6 2. d4 d5 3. e5 Bf5 4. Nc3 Qb6 5. Nf3 e6 6. Nh4 Bg6 7. Be2 c5
8. dxc5 Bxc5 9. O-O Nc6 10. Na4 Qa5 11. Nxc5 Qxc5 12. Nxg6 hxg6 13. Bf4
Nge7 14. c3 Nf5 15. Bd3 O-O-O 16. b4 Qe7 17. Qd2 f6 18. Rfe1 Nxe5 19.
Bxf5 gxf5 20. Bxe5 fxe5 21. Rxe5 Rxh2 22. Kxh2 Qh4+ 23. Kg1 Rh8 24. Kf1
Qc4+ 25. Kg1 Qh4 26. f4 Qh1+ 27. Kf2 1-0

[Event "Obro Int A"]
[Site "Copenhagen"]
[Date "1990.??.??"]
[Round "8"]
[White "Hutters, Tomas"]
[Black "Jasnikowski, Zbigniew"]
[Result "1-0"]
[WhiteElo "2355"]
[BlackElo "2435"]

1. Nf3 Nf6 2. c4 g6 3. Nc3 d5 4. cxd5 Nxd5 5. Qa4+ Bd7 6. Qb3 Nb6 7. d4
Bg7 8. Bg5 c5 9. d5 h6 10. Bh4 O-O 11. e3 Re8 12. Be2 g5 13. Bg3 e6
14. d6 Bc6 15. h4 c4 16. Bxc4 Nxc4 17. Qxc4 b5 18. Qc5 Bxf3 19. gxf3
Qf6 20. Qxb5 Rd8 21. Ke2 Nd7 22. hxg5 hxg5 23. Ne4 1-0

[Event "Obro Int A"]
[Site "Copenhagen"]
[Date "1990.??.??"]
[Round "8"]
[White "Sorensen, Jan"]
[Black "Schandorff, Lars"]
[Result "1-0"]
[WhiteElo "2395"]
[BlackElo "2445"]

1. e4 c5 2. Nf3 d6 3. d4 cxd4 4. Nxd4 Nf6 5. Nc3 a6 6. Bc4 e6 7. O-O
Be7 8. Bb3 b5 9. Qf3 Qb6 10. Be3 Qb7 11. Qg3 Bd7 12. Nf5 exf5 13. Qxg7
Rf8 14. Bg5 Ng8 15. Bxe7 Nxe7 16. Nd5 Ng6 17. Nf6+ Kd8 18. Nxh7 Rh8
19. Bxf7 Rxh7 20. Qxh7 Ne7 21. Rad1 fxe4 22. Rxd6 Kc7 23. Rfd1 Bf5 24.
Bg6 1-0

[Event "Obro Int A"]
[Site "Copenhagen"]
[Date "1990.??.??"]
[Round "8"]
[White "Tischbierek, Raj"]
[Black "Kristiansen, Jens"]
[Result "1-0"]
[WhiteElo "2495"]
[BlackElo "2445"]

1. e4 c5 2. Nf3 Nc6 3. d4 cxd4 4. Nxd4 Nf6 5. Nc3 d6 6. Bg5 Bd7 7. Qd2
Rc8 8. O-O-O Nxd4 9. Qxd4 Qa5 10. Bd2 a6 11. Kb1 e5 12. Qd3 Be6 13. Nd5
Qd8 14. Nxf6+ Qxf6 15. Qg3 Be7 16. Bd3 O-O 17. f4 exf4 18. Bxf4 Qg6
19. e5 Qh5 20. exd6 Bh4 21. Qe3 Qa5 22. a3 Bf6 23. Qe1 Qc5 24. Qb4 Qc6
25. Qe4 Qxe4 26. Bxe4 Rc4 27. Rhe1 Bf5 28. Bxf5 Rxf4 29. Be4 g6 30.
Bxb7 Rb8 31. Re7 1-0

[Event "Obro Int A"]
[Site "Copenhagen"]
[Date "1990.??.??"]
[Round "9"]
[White "Hansen, Mads Smith"]
[Black "Tischbierek, Raj"]
[Result "1/2-1/2"]
[WhiteElo "2355"]
[BlackElo "2495"]

1. e4 c5 2. Nf3 d6 3. d4 cxd4 4. Nxd4 Nf6 5. Nc3 Nc6 6. Bc4 Qb6 7. Nxc6
bxc6 8. O-O g6 9. Bd3 Bg7 10. Na4 Qc7 11. c4 O-O 12. f4 e5 13. Kh1 exf4
14. Bxf4 Nh5 15. Be3 Be5 16. Rc1 Be6 17. b4 Rad8 18. Qe1 Qb8 19. a3 d5
20. Qh4 dxc4 21. Be2 Ng7 22. Nc5 c3 23. Na6 Qc8 24. Nc5 Qc7 25. Na6
1/2-1/2

[Event "Obro Int A"]
[Site "Copenhagen"]
[Date "1990.??.??"]
[Round "9"]
[White "Jasnikowski, Zbigniew"]
[Black "Bus, Mariusz"]
[Result "1/2-1/2"]
[WhiteElo "2435"]
[BlackElo "2380"]

1. d4 d5 2. c4 dxc4 3. Nf3 Nf6 4. e3 e6 5. Bxc4 c5 6. O-O a6 7. Qe2 b5
8. Bb3 Bb7 9. Rd1 Nbd7 10. Nc3 Qb6 11. d5 Nxd5 12. Nxd5 Bxd5 13. Bxd5
exd5 14. Rxd5 Rd8 15. e4 Be7 16. Bg5 1/2-1/2

[Event "Obro Int A"]
[Site "Copenhagen"]
[Date "1990.??.??"]
[Round "9"]
[White "Kristiansen, Jens"]
[Black "Sorensen, Jan"]
[Result "0-1"]
[WhiteElo "2445"]
[BlackElo "2375"]

1. c4 c5 2. Nf3 g6 3. d4 cxd4 4. Nxd4 Bg7 5. e4 Nc6 6. Be3 d6 7. Nc3
Nf6 8. Be2 O-O 9. O-O Bd7 10. Qd2 Nxd4 11. Bxd4 Bc6 12. f3 a5 13. b3
Nd7 14. Be3 Nc5 15. Rab1 e6 16. Rfd1 Be5 17. Bd4 Qe7 18. Qe3 Rad8 19.
Rd2 Bxd4 20. Qxd4 f5 21. exf5 gxf5 22. f4 e5 23. Qe3 Qg7 24. Nd5 Ne6
25. Bf3 Kh8 26. fxe5 dxe5 27. Re1 e4 28. Bd1 Qe5 29. Bc2 Bxd5 30. cxd5
Rxd5 31. Rxd5 Qxd5 32. Rd1 Qc6 33. b4 Qxc2 0-1

[Event "Obro Int A"]
[Site "Copenhagen"]
[Date "1990.??.??"]
[Round "9"]
[White "Schandorff, Lars"]
[Black "Hutters, Tomas"]
[Result "1/2-1/2"]
[WhiteElo "2445"]
[BlackElo "2355"]

1. Nf3 Nf6 2. c4 g6 3. Nc3 Bg7 4. g3 O-O 5. Bg2 d5 6. cxd5 Nxd5 7. O-O
Nc6 8. d4 Nb6 9. e3 Re8 10. Re1 e5 11. d5 Na5 12. e4 c6 13. h3 cxd5
1/2-1/2